| 000 | 01140nam0a22002891 4500 | ||
|---|---|---|---|
| 001 | rc\469654 | ||
| 005 | 20260406071020.0 | ||
| 010 |
_a5-85500-015-H _9200000 |
||
| 035 | _a(NLR Aleph) 005713557 | ||
| 090 |
_a7403609 _c7403609 |
||
| 100 | _a20030616d1988 |||y0rusy50 ca | ||
| 101 | 0 | _arus | |
| 102 | _aRU | ||
| 105 | _ay ||||||||| | ||
| 200 | 1 |
_aСпецгруз из Мурманска _e[Романы] _fХэммонд Иннес _g[Пер. с англ. А.С. Шарова, В.А. Вебера] |
|
| 210 |
_aКалининград _cКн. изд-во _d1988 |
||
| 215 |
_a445, [2] с. _d17 |
||
| 225 | 1 | _aМорской роман | |
| 327 | 1 | _aСодерж.: Спецгруз из Мурманска; Берег мародеров | |
| 464 | 0 |
_12001#$aСпецгруз из Мурманска _tСпецгруз из Мурманска |
|
| 464 | 0 |
_12001#$aБерег мародеров _tБерег мародеров |
|
| 700 | 1 |
_8rus _7ca _aИннес _bХ. _f1913-1998 _gХэммонд _3RU\NLR\AUTH\7716177 _9125819 |
|
| 801 | 0 |
_aRU _bNLR _gpsbo |
|
| 801 | 1 |
_aRU _bELAR _2rusmarc |
|
| 852 |
_aNLR _j88-2/1499 |
||
| 942 | _cBOOK | ||
| 980 | _aNB | ||